[Event "25th Czech Rapid G1 2014"]
[Site "Pardubice CZE"]
[Date "2014.07.16"]
[Round "3.11"]
[White "Gordievsky, Dmitry"]
[Black "Setyaki, Azarya Jodi"]
[Result "1-0"]
[WhiteTitle "FM"]
[BlackTitle "CM"]
[WhiteElo "2439"]
[BlackElo "2231"]
[WhiteFideId "24112798"]
[BlackFideId "7101589"]
[EventDate "2014.07.16"]

1. d4 Nf6 2. c4 g6 3. Nc3 d5 4. Nf3 Bg7 5. Bf4 O-O 6. Rc1 Be6 7. e3 dxc4 8. Ng5
Bd5 9. e4 h6 10. exd5 hxg5 11. Bxg5 Nxd5 12. Bxc4 Nb6 13. Bb3 Nc6 14. Ne2 Nb4
15. h4 a5 16. a4 N6d5 17. h5 Ra6 18. Ng3 Re6+ 19. Kf1 Qd6 20. Qg4 f5 21. Qh4 f4
22. hxg6 Rxg6 23. Bxe7 Qa6+ 24. Bc4 Rh6 25. Nh5 Qg6 26. Bxb4 Rf5 27. Qd8+ Kh7
28. Bd3 1-0

[Event "25th Czech Rapid G1 2014"]
[Site "Pardubice CZE"]
[Date "2014.07.16"]
[Round "3.12"]
[White "Tarakanov, Oleg"]
[Black "Belyakov, Bogdan"]
[Result "1/2-1/2"]
[BlackTitle "IM"]
[WhiteElo "2161"]
[BlackElo "2456"]
[WhiteFideId "4500610"]
[BlackFideId "24104795"]
[EventDate "2014.07.16"]

1. e4 e5 2. Nf3 Nc6 3. d4 exd4 4. c3 d3 5. Bxd3 d6 6. h3 Nf6 7. Nbd2 g6 8. O-O
Bg7 9. Re1 O-O 10. Bc2 Re8 11. Nf1 h6 12. Ng3 Nd7 13. Be3 Nde5 14. Nd4 Qh4 15.
Nxc6 Nxc6 16. Qf3 Ne5 17. Qf4 Qe7 18. Bd4 c5 19. Bxe5 dxe5 20. Qe3 c4 21. Red1
Be6 22. Ba4 Reb8 23. Rd2 Bf8 24. Rad1 Qc5 25. Qxc5 Bxc5 26. Bd7 Bxd7 27. Rxd7 b6
28. R1d5 Re8 29. Nf1 Re7 30. Rxe7 Bxe7 31. Rxe5 Bg5 32. Ne3 Bxe3 33. fxe3 Kf8
34. Kf2 Rc8 35. Kf3 Rc6 36. Rd5 Rf6+ 37. Ke2 Ke7 38. a4 h5 39. g4 hxg4 40. hxg4
Rc6 41. Kf3 Rf6+ 42. Ke2 Rc6 43. Kf3 Rf6+ 44. Ke2 Rc6 45. Kf3 Rc8 46. Rd4 Ke6
47. Kf4 Rc5 48. e5 Rc8 49. Rd6+ Ke7 50. Rd4 Ke6 51. Ke4 Rc5 52. Rd6+ Ke7 53. Kd4
Ra5 54. Kxc4 Rxe5 55. Rc6 Kd7 56. Rf6 Ke7 57. Rc6 Kd7 58. Rf6 Ke7 59. Rc6 1/2-1/2

[Event "25th Czech Rapid G1 2014"]
[Site "Pardubice CZE"]
[Date "2014.07.16"]
[Round "3.13"]
[White "Muhammad, Luthfi Ali"]
[Black "Chernyshov, Konstantin"]
[Result "1-0"]
[WhiteTitle "FM"]
[BlackTitle "GM"]
[WhiteElo "2336"]
[BlackElo "2508"]
[WhiteFideId "7103743"]
[BlackFideId "4117328"]
[EventDate "2014.07.16"]

1. e4 g6 2. d4 Bg7 3. Nc3 a6 4. Be3 b5 5. Bd3 Bb7 6. Nf3 d6 7. O-O Nd7 8. a4 b4
9. Ne2 Ngf6 10. Ng3 O-O 11. h3 e6 12. c3 a5 13. Qd2 c5 14. Rfe1 cxd4 15. cxd4
Qb8 16. Bh6 Rc8 17. Bxg7 Kxg7 18. e5 dxe5 19. dxe5 Nd5 20. Bb5 Bc6 21. Bxc6 Rxc6
22. Re4 Qc7 23. Rh4 Kg8 24. Qh6 Nf8 25. Ne4 Qe7 26. Rd1 Rac8 27. Nfg5 f6 28.
exf6 Nxf6 29. Nxf6+ Qxf6 30. Nxh7 Qg7 31. Nxf8 Rxf8 32. Qg5 Qf6 33. Rg4 Qxg5 34.
Rxg5 Rf5 35. Rxg6+ Kf7 36. Rg3 Rc2 37. b3 Rcxf2 38. Rdd3 Kf6 39. Rgf3 Rc2 40.
Kh2 e5 41. Rd6+ Ke7 42. Rxf5 Kxd6 43. h4 Ke6 44. Rf8 Ke7 45. Rf3 Ke6 46. h5 e4
47. Rf8 Ke5 48. Kg3 Rc6 49. Rd8 Rf6 50. Kg4 e3 51. Re8+ Kd4 52. Kg5 Rd6 53. g4
Rd5+ 54. Kf4 1-0

[Event "25th Czech Rapid G1 2014"]
[Site "Pardubice CZE"]
[Date "2014.07.16"]
[Round "3.14"]
[White "Michenka, Jozef"]
[Black "Megaranto, Susanto"]
[Result "0-1"]
[WhiteTitle "IM"]
[BlackTitle "GM"]
[WhiteElo "2326"]
[BlackElo "2532"]
[WhiteFideId "301175"]
[BlackFideId "7101384"]
[EventDate "2014.07.16"]

1. d4 Nf6 2. c4 e6 3. Nc3 c5 4. d5 exd5 5. cxd5 d6 6. e4 g6 7. f4 Bg7 8. Bb5+
Nfd7 9. a4 O-O 10. Nf3 Na6 11. O-O Nb4 12. Re1 a6 13. Bf1 Re8 14. Be3 Nf6 15.
Bf2 Ng4 16. Bh4 Qxh4 17. Nxh4 Bd4+ 18. Qxd4 cxd4 19. Rac1 Bd7 20. a5 Rac8 21.
Ne2 Rxc1 22. Nxc1 Nxd5 23. Nd3 Nde3 24. Be2 Bb5 25. h3 Nf6 26. e5 Bxd3 27. Bxd3
dxe5 28. fxe5 Rxe5 29. Nf3 Rxa5 30. Nxd4 Rd5 31. Rxe3 Rxd4 32. Be2 Re4 33. Rxe4
Nxe4 34. Bf3 Nc5 35. Kf2 b6 36. Ke3 Kf8 37. Kd4 Ke7 38. Kd5 Kd7 39. Be2 Ne6 40.
Bxa6 Nc7+ 0-1

[Event "25th Czech Rapid G1 2014"]
[Site "Pardubice CZE"]
[Date "2014.07.16"]
[Round "3.16"]
[White "Yakimenko, Alexander A."]
[Black "Teske, Henrik"]
[Result "0-1"]
[BlackTitle "GM"]
[WhiteElo "2142"]
[BlackElo "2512"]
[WhiteFideId "24141917"]
[BlackFideId "4611500"]
[EventDate "2014.07.16"]

1. d4 f5 2. Nc3 e6 3. e4 Bb4 4. exf5 exf5 5. Bd3 d5 6. Nf3 Qe7+ 7. Qe2 Qxe2+ 8.
Bxe2 Nf6 9. O-O c6 10. Bf4 Be6 11. Ng5 Bg8 12. Rfe1 Kd8 13. Bd3 Ne4 14. a3 Bxc3
15. bxc3 h6 16. Nxe4 fxe4 17. Bf1 Nd7 18. c4 dxc4 19. Rxe4 Bd5 20. Ree1 b5 21.
Bd6 Nf6 22. Bb4 a5 23. Bc5 Ne4 24. Bb6+ Kd7 25. f3 Nd6 26. g3 Be6 27. Re5 Rhe8
28. Rae1 g6 29. Bg2 b4 30. Bxa5 bxa3 31. Bb4 Nb5 32. c3 a2 33. Ra1 Bf5 34. Bf1
Rxe5 35. dxe5 Bd3 36. Bxd3 cxd3 37. Kf2 c5 38. Bxc5 Kc6 39. Be3 Nxc3 40. Bd4 Nd5
41. Ke1 Nb4 42. Kd2 Nc2 43. Kxd3 Nxa1 44. Bxa1 Rb8 45. f4 Kd5 46. g4 Rb1 47. Bc3
Rb3 0-1

[Event "25th Czech Rapid G1 2014"]
[Site "Pardubice CZE"]
[Date "2014.07.16"]
[Round "3.17"]
[White "Gergel, Vladimir P"]
[Black "Yuffa, Daniil"]
[Result "0-1"]
[WhiteTitle "FM"]
[BlackTitle "IM"]
[WhiteElo "2227"]
[BlackElo "2447"]
[WhiteFideId "14100550"]
[BlackFideId "24131423"]
[EventDate "2014.07.16"]

1. e4 c5 2. Nf3 Nc6 3. d4 cxd4 4. Nxd4 Nf6 5. Nc3 d6 6. h3 e5 7. Nb3 Be7 8. Be3
O-O 9. Qf3 a5 10. a3 Be6 11. Nd5 Bxd5 12. exd5 Nb8 13. a4 Na6 14. c3 Nd7 15. g4
Nac5 16. Nxc5 Nxc5 17. Bxc5 dxc5 18. O-O-O Bd6 19. h4 Rc8 20. Qe4 Qf6 21. f3 g6
22. g5 Qf4+ 23. Qxf4 exf4 24. Bb5 Kg7 25. Rde1 Rfd8 26. Re4 Rc7 27. Rhe1 h6 28.
Be8 hxg5 29. hxg5 Bf8 30. c4 Bd6 31. Kd2 Kf8 32. Bb5 Re7 33. Kd3 Rxe4 34. Kxe4
Kg7 35. Rh1 Rc8 36. Kd3 Rd8 37. b3 Be7 38. Rg1 Rh8 39. Rg4 Bd6 40. Rg2 Rh3 41.
Ke4 Rh1 42. Re2 Rd1 0-1

[Event "25th Czech Rapid G1 2014"]
[Site "Pardubice CZE"]
[Date "2014.07.16"]
[Round "3.18"]
[White "Potapov, Pavel"]
[Black "Kratochvil, Karel"]
[Result "1-0"]
[WhiteTitle "IM"]
[WhiteElo "2482"]
[BlackElo "2164"]
[WhiteFideId "4169786"]
[BlackFideId "325546"]
[EventDate "2014.07.16"]

1. e4 c5 2. c3 g6 3. d4 cxd4 4. cxd4 d5 5. e5 Bg7 6. Nf3 Bg4 7. Bb5+ Nc6 8. Nbd2
Rc8 9. O-O Nh6 10. h3 Bxf3 11. Nxf3 O-O 12. Bf4 e6 13. Bg5 Qd7 14. Qd2 Nf5 15.
Rac1 Rfe8 16. Bxc6 Rxc6 17. Rxc6 Qxc6 18. Rc1 Qb6 19. g4 Nxd4 20. Nxd4 Bxe5 21.
Be3 Qa6 22. b3 Bg7 23. Nf3 Rd8 24. Rc7 Qd6 25. Rc1 d4 26. Bh6 Bh8 27. Qd3 f6 28.
Nd2 Bg7 29. Bxg7 Kxg7 30. Ne4 Qf4 31. Re1 e5 32. Nc5 Rd6 33. Qb5 Qd2 34. Qxb7+
Kh6 35. Qe4 Qxa2 36. g5+ Kxg5 37. Ne6+ Rxe6 38. Qg4+ Kh6 39. Qxe6 Qd2 40. Rf1
Qg5+ 41. Qg4 e4 42. Qxg5+ Kxg5 43. Ra1 f5 44. Rxa7 Kf4 45. Rd7 d3 46. b4 Kf3 47.
b5 f4 48. b6 e3 49. fxe3 1-0

[Event "25th Czech Rapid G1 2014"]
[Site "Pardubice CZE"]
[Date "2014.07.16"]
[Round "3.19"]
[White "Neuman, Petr"]
[Black "Rjabzev, Konstantin"]
[Result "1-0"]
[WhiteTitle "GM"]
[BlackTitle "IM"]
[WhiteElo "2488"]
[BlackElo "2308"]
[WhiteFideId "305243"]
[BlackFideId "4150015"]
[EventDate "2014.07.16"]

1. d4 d5 2. c4 e6 3. Nc3 Be7 4. cxd5 exd5 5. Bf4 c6 6. e3 Bf5 7. Nge2 Nf6 8. Ng3
Be6 9. Bd3 O-O 10. Nf5 Bxf5 11. Bxf5 Nbd7 12. h3 Re8 13. Qc2 Nf8 14. O-O-O Ng6
15. Bg3 Bd6 16. Bxd6 Qxd6 17. h4 Nf8 18. h5 Re7 19. Kb1 Rae8 20. Rdg1 a6 21. g4
Ne4 22. Bxe4 dxe4 23. g5 c5 24. dxc5 Qxc5 25. Rh4 Re5 26. Rhg4 b5 27. Ne2 Qxc2+
28. Kxc2 Rc5+ 29. Kb1 g6 30. Ng3 Rce5 31. Rd1 h6 32. hxg6 fxg6 33. gxh6 Kh7 34.
Rd4 Kxh6 35. Rgxe4 Rxe4 36. Rxe4 Rd8 37. Rd4 Rxd4 38. exd4 Kg5 39. Kc2 Kf4 40.
Kd3 Kf3 41. Ne4 Kf4 42. b4 g5 43. d5 g4 44. Kd4 Nd7 45. d6 Ne5 46. Kd5 Nd7 47.
Nc5 1-0

[Event "25th Czech Rapid G1 2014"]
[Site "Pardubice CZE"]
[Date "2014.07.16"]
[Round "3.20"]
[White "Zwardon, Vojtech"]
[Black "Galchenko, Matvei"]
[Result "1-0"]
[WhiteTitle "IM"]
[WhiteElo "2399"]
[BlackElo "1878"]
[WhiteFideId "325511"]
[BlackFideId "34135992"]
[EventDate "2014.07.16"]

1. c4 e5 2. g3 Nc6 3. Bg2 f5 4. Nc3 Nf6 5. d3 d6 6. Rb1 a5 7. Nf3 g6 8. Bg5 Bg7
9. Qc1 h6 10. Bd2 Be6 11. a3 Ne7 12. b4 axb4 13. axb4 c6 14. b5 Kf7 15. bxc6
bxc6 16. c5 e4 17. cxd6 exf3 18. dxe7 fxg2 19. exd8=N+ Raxd8 20. Rg1 Rhe8 21.
Rb7+ Kg8 22. Bxh6 Bh8 23. Rxg2 Ng4 24. Bg5 Ra8 25. h3 Ne5 26. Kf1 Nf7 27. Bd2 f4
28. Bxf4 Bxh3 29. Kg1 Bxg2 30. Kxg2 Bxc3 31. Qxc3 Re6 32. Bh6 1-0

[Event "25th Czech Rapid G1 2014"]
[Site "Pardubice CZE"]
[Date "2014.07.16"]
[Round "3.21"]
[White "Pisk, Petr"]
[Black "Zpevakova, Jana"]
[Result "1-0"]
[WhiteTitle "IM"]
[WhiteElo "2390"]
[BlackElo "2016"]
[WhiteFideId "304689"]
[BlackFideId "334030"]
[EventDate "2014.07.16"]

1. e4 e6 2. d4 d5 3. e5 c5 4. c3 Nc6 5. Nf3 Qb6 6. Bd3 Bd7 7. O-O cxd4 8. cxd4
Nxd4 9. Nbd2 Nxf3+ 10. Nxf3 Bc5 11. b4 Be7 12. Be3 Qd8 13. Qd2 f6 14. Rac1 fxe5
15. Nxe5 Nf6 16. Bd4 O-O 17. Qe3 Bd6 18. a3 Qe8 19. Rfe1 Qh5 20. h3 Rae8 21. Bc5
Bxc5 22. Rxc5 Kh8 23. Rc7 Bc8 24. Qg3 g5 25. Ng4 Nd7 26. Ne5 Nf6 27. Rec1 Kg8
28. f4 Ne4 29. Bxe4 dxe4 30. fxg5 Rd8 31. Ng4 Qg6 32. Qe5 Rd5 33. Nf6+ Rxf6 34.
Rxc8+ Rf8 35. Rxf8+ Kxf8 36. Rc8+ Ke7 37. Qc7+ Rd7 38. Qc5+ Rd6 39. Rc7+ Ke8 40.
Qxd6 Qxg5 41. Qd7+ 1-0

[Event "25th Czech Rapid G1 2014"]
[Site "Pardubice CZE"]
[Date "2014.07.16"]
[Round "3.22"]
[White "Lehmann, Holger"]
[Black "Gorbatov, Alexej"]
[Result "0-1"]
[BlackTitle "IM"]
[WhiteElo "2185"]
[BlackElo "2358"]
[WhiteFideId "4620275"]
[BlackFideId "4111834"]
[EventDate "2014.07.16"]

1. d4 a6 2. g3 d5 3. Bg2 Nf6 4. Nf3 e6 5. O-O c5 6. c4 dxc4 7. dxc5 Qxd1 8. Rxd1
Nc6 9. Na3 c3 10. bxc3 Bxc5 11. Nc4 Ne4 12. e3 Nxc3 13. Rd3 Nd5 14. Bb2 b5 15.
Nce5 Nxe5 16. Nxe5 Bb7 17. Rc1 Bb6 18. Ba3 f6 19. Nd7 Kxd7 20. e4 Rac8 21. Rcd1
Rc2 22. exd5 Bxd5 23. Bxd5 exd5 24. Rxd5+ Kc8 25. R1d2 Rxd2 26. Rxd2 Rd8 27.
Rc2+ Kb7 28. h4 Rd3 29. Bc5 Bxc5 30. Rxc5 Rd2 31. a4 Kb6 32. Rf5 bxa4 33. h5 h6 0-1

[Event "25th Czech Rapid G1 2014"]
[Site "Pardubice CZE"]
[Date "2014.07.16"]
[Round "3.23"]
[White "Klukin, Kirill"]
[Black "Gutman, Gennadi"]
[Result "1-0"]
[BlackTitle "GM"]
[WhiteElo "2067"]
[BlackElo "2479"]
[WhiteFideId "24199273"]
[BlackFideId "14102277"]
[EventDate "2014.07.16"]

1. d4 Nf6 2. Nf3 e6 3. c4 Bb4+ 4. Nbd2 b6 5. a3 Bxd2+ 6. Qxd2 Bb7 7. e3 d6 8. b4
Nbd7 9. Bb2 Ne4 10. Qc2 f5 11. Bd3 O-O 12. O-O Ndf6 13. Nd2 Nxd2 14. Qxd2 Ne4
15. Qe2 Qh4 16. f3 Ng5 17. Qf2 Qh5 18. h4 Nf7 19. Qg3 Rae8 20. Rae1 e5 21. dxe5
Nxe5 22. Be2 Ng6 23. Bd3 Qxh4 24. Qxh4 Nxh4 25. c5 Re6 26. Kf2 Ng6 27. cxb6 axb6
28. Rc1 Rf7 29. Rfd1 d5 30. a4 Ne5 31. Be2 Rfe7 32. a5 f4 33. e4 bxa5 34. bxa5
dxe4 35. Bxe5 e3+ 36. Ke1 Rxe5 37. Rd8+ Re8 38. Rxe8+ Rxe8 39. Rxc7 Ba8 40. Bc4+
Kh8 41. Be6 g5 42. Rc8 Rxc8 43. Bxc8 g4 44. a6 gxf3 45. gxf3 1-0

[Event "25th Czech Rapid G1 2014"]
[Site "Pardubice CZE"]
[Date "2014.07.16"]
[Round "3.24"]
[White "Lalic, Bogdan"]
[Black "Nguyen, Thai Dai Van"]
[Result "1/2-1/2"]
[WhiteTitle "GM"]
[BlackTitle "CM"]
[WhiteElo "2482"]
[BlackElo "2261"]
[WhiteFideId "409081"]
[BlackFideId "358878"]
[EventDate "2014.07.16"]

1. d4 Nf6 2. c4 e6 3. g3 d5 4. Bg2 Be7 5. Nf3 O-O 6. Qc2 a6 7. Nbd2 dxc4 8. Nxc4
Nbd7 9. O-O c5 10. Rd1 cxd4 11. Nxd4 Qc7 12. Bf4 Qc5 13. Nb3 Qh5 14. Bd6 Bxd6
15. Nxd6 Rb8 16. Rac1 h6 17. Rd2 Ne5 18. Qc7 Bd7 19. Nxb7 Rbc8 20. Rxd7 Rxc7 21.
Rdxc7 Qxe2 22. R7c2 Qd3 23. N7c5 Qd6 24. Rd2 Qb6 25. Rcd1 Nc4 26. Rc2 Ne5 27.
Rcd2 Nc4 28. Rc2 Ne5 29. Rcd2 Nc4 1/2-1/2

[Event "25th Czech Rapid G1 2014"]
[Site "Pardubice CZE"]
[Date "2014.07.16"]
[Round "3.25"]
[White "Tokranovs, Dmitrijs"]
[Black "Jansa, Vlastimil"]
[Result "0-1"]
[BlackTitle "GM"]
[WhiteElo "2297"]
[BlackElo "2453"]
[WhiteFideId "11603011"]
[BlackFideId "300128"]
[EventDate "2014.07.16"]

1. e4 c5 2. c3 Nf6 3. e5 Nd5 4. d4 cxd4 5. Nf3 e6 6. cxd4 b6 7. Nc3 Nxc3 8. bxc3
Qc7 9. Bd2 Be7 10. Bd3 Ba6 11. Bxa6 Nxa6 12. Qe2 Nb8 13. O-O O-O 14. Ne1 Nc6 15.
f4 f5 16. exf6 Bxf6 17. Nd3 Na5 18. Rf3 Nc4 19. Raf1 Rac8 20. Nf2 Rce8 21. Rh3
g6 22. Ne4 Qc6 23. Be1 Qd5 24. Qf3 Bg7 25. Rg3 Rf5 26. Qe2 Ref8 27. Rgf3 Nd6 28.
g4 Nxe4 29. gxf5 exf5 30. Qc2 Rc8 31. Qb3 Rc4 32. Rd3 h6 33. Rff3 Kh7 34. Kf1 b5
35. Qa3 Ra4 36. Qb3 Rc4 37. Qa3 a5 38. Qe7 Rc6 39. Rh3 h5 40. Qa3 Re6 41. Qb3
Qb7 42. c4 Nc5 43. dxc5 Qh1+ 44. Kf2 Qxe1+ 45. Kf3 Qf1+ 46. Kg3 Qg1+ 47. Kf3
Qg4+ 48. Kf2 Re2+ 0-1

[Event "25th Czech Rapid G1 2014"]
[Site "Pardubice CZE"]
[Date "2014.07.16"]
[Round "3.27"]
[White "Hnydiuk, Aleksander"]
[Black "Belousov, Gennadiy"]
[Result "1/2-1/2"]
[WhiteTitle "IM"]
[WhiteElo "2375"]
[BlackElo "2222"]
[WhiteFideId "1109057"]
[BlackFideId "24183342"]
[EventDate "2014.07.16"]

1. e4 c5 2. Nf3 Nf6 3. e5 Nd5 4. Nc3 e6 5. Nxd5 exd5 6. d4 Nc6 7. c3 d6 8. exd6
Bxd6 9. Be3 Qe7 10. Be2 O-O 11. O-O c4 12. b3 Na5 13. Re1 Qc7 14. h3 Bf5 15. Nh4
Be6 16. Bg4 Rfe8 17. Nf5 Bf8 18. b4 Nc6 19. Qf3 Qd7 20. Ng3 g6 21. Bxe6 Rxe6 22.
Bd2 Rae8 23. Nf1 Re4 24. Rxe4 dxe4 25. Qe2 b5 26. a4 a6 27. axb5 axb5 28. Bf4
Ne7 29. Ne3 Nd5 30. Nxd5 Qxd5 31. Ra7 Ra8 32. Qa2 Rxa7 33. Qxa7 g5 34. Be5 Qe6
35. Kh2 f6 36. Bg3 Bd6 37. Qa8+ Kg7 38. Qb7+ Kg6 39. Bxd6 Qxd6+ 40. Kh1 Qf4 41.
Qxb5 Qc1+ 42. Kh2 Qf4+ 1/2-1/2

[Event "25th Czech Rapid G1 2014"]
[Site "Pardubice CZE"]
[Date "2014.07.16"]
[Round "3.28"]
[White "Musat, Adrian"]
[Black "Wagener, Claude"]
[Result "1/2-1/2"]
[WhiteTitle "FM"]
[BlackTitle "FM"]
[WhiteElo "2401"]
[BlackElo "2259"]
[WhiteFideId "1203452"]
[BlackFideId "4000471"]
[EventDate "2014.07.16"]

1. Nf3 Nf6 2. c4 g6 3. Nc3 d5 4. d4 Bg7 5. e3 O-O 6. Be2 c5 7. O-O cxd4 8. Nxd4
Nc6 9. cxd5 Nxd5 10. Nxd5 Qxd5 11. Bf3 Qc4 12. Nxc6 bxc6 13. Qb3 Be6 14. Qxc4
Bxc4 15. Re1 Rab8 16. Bxc6 Bxb2 17. Bxb2 Rxb2 1/2-1/2

[Event "25th Czech Rapid G1 2014"]
[Site "Pardubice CZE"]
[Date "2014.07.16"]
[Round "3.29"]
[White "Musaev, Rasul"]
[Black "Reutsky, Sergei"]
[Result "1/2-1/2"]
[WhiteTitle "FM"]
[BlackTitle "IM"]
[WhiteElo "2281"]
[BlackElo "2387"]
[WhiteFideId "24146870"]
[BlackFideId "4157419"]
[EventDate "2014.07.16"]

1. e4 e6 2. d4 d5 3. Nc3 Bb4 4. e5 c5 5. a3 Ba5 6. Ne2 Nc6 7. f4 cxd4 8. Nxd4
Nxd4 9. Qxd4 Ne7 10. Bd2 a6 11. Ne2 Bb6 12. Qd3 Nf5 13. g3 Bd7 14. a4 Rc8 15.
Bh3 Ne7 16. c3 Nc6 17. Be3 Na5 18. Nd4 Bxd4 19. Bxd4 Nb3 20. Ra3 Nxd4 21. Qxd4
Rc4 22. Qa7 Re4+ 23. Kf2 Qc8 24. Bg2 Rxa4 25. Rxa4 Bxa4 26. f5 O-O 27. f6 Qc4
28. Rf1 Bb5 29. Kg1 Qg4 30. fxg7 Kxg7 31. Re1 Bc6 32. Qc5 Qg5 33. Re3 b6 34. Qd4
Rc8 35. h4 Qg6 36. Kh2 Bb5 37. Qxb6 Rc4 38. Qd8 Rg4 39. Qe7 d4 40. Rf3 dxc3 41.
bxc3 Bc6 42. Rf6 Rxh4+ 43. Kg1 Qb1+ 44. Rf1 Qb6+ 45. Rf2 Qb1+ 46. Rf1 Qb6+ 47.
Rf2 Rg4 1/2-1/2

[Event "25th Czech Rapid G1 2014"]
[Site "Pardubice CZE"]
[Date "2014.07.16"]
[Round "3.30"]
[White "Cerveny, Martin"]
[Black "Petuchov, Sergej"]
[Result "0-1"]
[WhiteTitle "FM"]
[WhiteElo "2375"]
[BlackElo "2119"]
[WhiteFideId "321141"]
[BlackFideId "309567"]
[EventDate "2014.07.16"]

1. d4 Nf6 2. c4 c5 3. d5 b5 4. cxb5 a6 5. f3 axb5 6. e4 Qa5+ 7. Bd2 b4 8. Na3 e6
9. Nc4 Qc7 10. Bg5 d6 11. Bxf6 gxf6 12. Ne2 Nd7 13. Nf4 Ne5 14. a4 Ba6 15. Qb3
Bh6 16. Nh5 Qe7 17. Rd1 Nxc4 18. Bxc4 O-O 19. dxe6 Bxc4 20. Qxc4 fxe6 21. O-O
Rxa4 22. f4 Kh8 23. f5 e5 24. Rf3 Qa7 25. Rfd3 b3 26. Qd5 c4+ 27. Rd4 exd4 28.
Qxd6 d3+ 29. Kf1 Ra1 30. Ke1 0-1

[Event "25th Czech Rapid G1 2014"]
[Site "Pardubice CZE"]
[Date "2014.07.16"]
[Round "3.31"]
[White "Semenova, Elena1"]
[Black "Biolek, Richard Jr."]
[Result "0-1"]
[WhiteTitle "WIM"]
[BlackTitle "IM"]
[WhiteElo "2215"]
[BlackElo "2429"]
[WhiteFideId "24125148"]
[BlackFideId "319996"]
[EventDate "2014.07.16"]

1. e4 Nc6 2. Nf3 e5 3. Nc3 Nf6 4. d4 exd4 5. Nxd4 Bb4 6. Nxc6 bxc6 7. Qd4 Qe7 8.
f3 c5 9. Qe3 O-O 10. Bd2 d5 11. exd5 Qxe3+ 12. Bxe3 Nxd5 13. Bd2 Re8+ 14. Kf2
Nxc3 15. bxc3 Ba5 16. Bd3 Be6 17. Be4 Rad8 18. Rhd1 Rxd2+ 19. Rxd2 Bxc3 20. Rdd1
Bxa1 21. Rxa1 f5 22. Bc6 Rb8 23. Re1 Kf7 24. Re5 Rb2 25. Rxc5 Rxa2 26. Ke3 Ke7
27. Bb5 Kd8 28. Re5 Ra5 29. c4 Bf7 30. Kd4 c6 31. Bxc6 Rxe5 32. Kxe5 Bxc4 33.
Kxf5 Bb3 34. Ke4 Kc7 35. Be8 Kd6 36. Kd4 a5 37. g3 a4 38. Kc3 Ke5 39. Bc6 g5 40.
Be4 h6 41. Bc6 Bd1 42. Be4 a3 43. Bb1 Bxf3 44. Kb4 Be4 45. Ba2 Bd5 0-1

[Event "25th Czech Rapid G1 2014"]
[Site "Pardubice CZE"]
[Date "2014.07.16"]
[Round "3.32"]
[White "Shalimov, Valery"]
[Black "Vokoun, Jan"]
[Result "1-0"]
[WhiteTitle "IM"]
[BlackTitle "FM"]
[WhiteElo "2412"]
[BlackElo "2195"]
[WhiteFideId "14104881"]
[BlackFideId "301647"]
[EventDate "2014.07.16"]

1. d4 Nf6 2. Nf3 g6 3. Bg5 Ne4 4. Bf4 Bg7 5. Nbd2 Nf6 6. e4 c5 7. d5 Nh5 8. Be5
Bxe5 9. Nxe5 d6 10. Nec4 b5 11. Ne3 a6 12. a4 bxa4 13. Rxa4 Nd7 14. Qa1 Qb6 15.
Bd3 Ne5 16. O-O Nxd3 17. cxd3 O-O 18. Ndc4 Qc7 19. Re1 Rb8 20. Qa3 Rb5 21. Qc3
Nf6 22. Rea1 Re8 23. h3 Qb8 24. R4a3 Nh5 25. Qd2 Rb3 26. Rxb3 Qxb3 27. Ra3 Qb8
28. Nc2 Ng7 29. d4 Qc7 30. Rc3 cxd4 31. Nxd4 Qb7 32. Nf3 Bd7 33. Qh6 f6 34. Qc1
Bb5 35. Na5 Qb6 36. Nc6 Kf8 37. Nfd4 Kf7 38. Rb3 Ra8 39. Qc3 Ne8 40. Ne6 Ng7 41.
Ned4 h5 42. Qe3 Qc5 43. Rc3 Qb6 44. Nxe7 Re8 45. Nc8 Qb8 46. Nxb5 axb5 47. Qa7+
Qxa7 48. Nxa7 Rxe4 49. Nxb5 Nf5 50. Rc7+ Kg8 51. Rd7 Rb4 52. Nxd6 Nxd6 53. Rxd6
Kf7 54. Rd7+ Kf8 55. g3 Rxb2 56. h4 Rd2 57. Kf1 g5 58. Ke1 Rd4 59. hxg5 fxg5 60.
Ke2 Ke8 61. Ke3 Ra4 62. Rh7 h4 63. gxh4 gxh4 64. f4 h3 65. Kf3 Ra3+ 66. Ke4 Kf8
67. Ke5 Kg8 68. Rh4 Kf7 69. f5 Re3+ 70. Kf4 Rd3 71. Ke4 Ra3 72. Rh6 1-0

[Event "25th Czech Rapid G1 2014"]
[Site "Pardubice CZE"]
[Date "2014.07.16"]
[Round "3.33"]
[White "Kutynec, Vladimir"]
[Black "Ekdyshman, Mikhail"]
[Result "0-1"]
[WhiteTitle "IM"]
[BlackTitle "IM"]
[WhiteElo "2305"]
[BlackElo "2369"]
[WhiteFideId "4119843"]
[BlackFideId "4149416"]
[EventDate "2014.07.16"]

1. d4 d5 2. Nf3 Nc6 3. Bf4 Bg4 4. e3 e6 5. h3 Bh5 6. a3 Bd6 7. Bxd6 Qxd6 8. c4
Nf6 9. Nc3 O-O 10. b4 dxc4 11. Bxc4 Bxf3 12. gxf3 e5 13. Nb5 Qe7 14. d5 Rad8 15.
Qb3 Nb8 16. Nc3 Nbd7 17. a4 e4 18. f4 a5 19. bxa5 Nc5 20. Qa3 Ra8 21. a6 bxa6
22. O-O Nfd7 23. Kh2 Rab8 24. Rg1 a5 25. Bb5 Nb6 26. Nxe4 Qxe4 27. Qxc5 Qe7 28.
Qa3 0-1

[Event "25th Czech Rapid G1 2014"]
[Site "Pardubice CZE"]
[Date "2014.07.16"]
[Round "3.35"]
[White "Seidl, Stepan"]
[Black "Pinter, Erik"]
[Result "1-0"]
[BlackTitle "IM"]
[WhiteElo "2209"]
[BlackElo "2354"]
[WhiteFideId "338290"]
[BlackFideId "14902826"]
[EventDate "2014.07.16"]

1. e4 c5 2. Nf3 d6 3. d4 cxd4 4. Nxd4 Nf6 5. Nc3 Nc6 6. Bg5 e6 7. Qd2 a6 8.
O-O-O Bd7 9. f4 b5 10. Nxc6 Bxc6 11. Bxf6 Qxf6 12. Bd3 Qd4 13. Kb1 Qc5 14. f5
Be7 15. fxe6 fxe6 16. Rhf1 Qe5 17. Nd5 exd5 18. exd5 Qxd5 19. Rf5 Qd4 20. Re1
Qa7 21. Qc3 Bd7 22. Rxe7+ Kxe7 23. Qxg7+ Kd8 24. Qxh8+ Kc7 25. Qc3+ Kb6 26. Qd4+
Kc7 27. Qxa7+ Rxa7 28. Rf7 Kd8 29. Bf5 1-0

[Event "25th Czech Rapid G1 2014"]
[Site "Pardubice CZE"]
[Date "2014.07.16"]
[Round "3.36"]
[White "Zubritskiy, Artyom"]
[Black "Lebediantsev, Ruslan"]
[Result "1-0"]
[WhiteElo "2335"]
[BlackElo "2145"]
[WhiteFideId "4181247"]
[BlackFideId "24135755"]
[EventDate "2014.07.16"]

1. d4 Nf6 2. c4 e6 3. g3 d5 4. Nf3 Be7 5. Bg2 O-O 6. O-O dxc4 7. Qc2 a6 8. Qxc4
b5 9. Qc2 Bb7 10. Bd2 Bd6 11. Bg5 Nbd7 12. Nbd2 c5 13. Rac1 Rc8 14. Qb1 cxd4 15.
Nxd4 Bxg2 16. Kxg2 Qb6 17. N2f3 h6 18. Bxf6 Nxf6 19. Kg1 Bc5 20. e3 Rfd8 21. Nb3
Ng4 22. Nxc5 Rxc5 23. Rxc5 Qxc5 24. Qe4 Nf6 25. Qb7 Qd5 26. Qxd5 Rxd5 27. Rc1
Rd6 28. Kf1 g5 29. h3 Ne4 30. Ke2 Kg7 31. Nd4 Kf6 32. Rc6 Ke7 33. Rc7+ Kf6 34.
g4 e5 35. Nb3 Ke6 36. f3 Nf6 37. Nc5+ Kd5 38. e4+ Kc4 39. Nb7+ 1-0